Advanced Quantum Theory : And its Applications Through Feynman Diagrams
Saved in:
| Main Author: | |
|---|---|
| Format: | Book |
| Language: | English |
| Published: |
Berlin :
Springer-Verlag,
c1991
|
| Edition: | 2nd ed. |
| Series: | Texts and monographs in physics
|
| Subjects: | |
| Tags: |
Add Tag
No Tags, Be the first to tag this record!
|
MARC
| LEADER | 00000nam a2200000 i 4500 | ||
|---|---|---|---|
| 001 | 1/29176 | ||
| 008 | 960621s1991 eng d | ||
| 020 | |a 3-540-53681-7 | ||
| 035 | |a 1995 |l 10038256 | ||
| 040 | |a GR-MY-UA |b gre |e aacr | ||
| 041 | 0 | |a eng | |
| 082 | 0 | |a 530.12 | |
| 100 | 1 | |a Scadron, Michael D. | |
| 245 | 1 | 0 | |a Advanced Quantum Theory : |b And its Applications Through Feynman Diagrams / |c Michael D. Scadron |
| 250 | |a 2nd ed. | ||
| 260 | |a Berlin : |b Springer-Verlag, |c c1991 | ||
| 300 | |a 410 p.; |c 24 cm. | ||
| 490 | 1 | |a Texts and monographs in physics | |
| 500 | |a Includes bibliographical references and index | ||
| 650 | 0 | 0 | |a Quantum theory. |
| 650 | 0 | 0 | |a Feynman diagrams. |
| 830 | 0 | |a Texts and monographs in physics | |
| 852 | |a INST |b SAMOS |e 19960621 |h 530.12 SCA |p 005300005192 |q 005300005192 |t BK |y 0 | ||
| 909 | |a Σ |b 039121 | ||